000 01525cam a2200133 4500500
005 20251214005325.0
041 _afre
042 _adc
100 1 0 _aSauvayre, Romy
_eauthor
245 0 0 _aInitiation à l'entretien en sciences sociales : Méthodes, applications pratiques et QCM
260 _bArmand Colin,
_c2021.
520 _aRéaliser son premier entretien n’est ni évident ni intuitif. Cet ouvrage se propose d’apporter des outils et des conseils pratiques pour mieux s’y préparer, pour faire face aux difficultés les plus fréquentes, ou pour mettre à l’aise son interlocuteur tout en réduisant son propre stress. L’ouvrage permettra également de prendre conscience de tout ce qui peut influencer le discours : la formulation des questions, le choix des lieux, le positionnement, les intonations, la gestuelle, les mimiques faciales, le regard, la neutralité, le silence, la mémoire et les émotions.. Pour ce faire, le lecteur trouvera des QCM, des extraits d’entretien, des conseils pratiques, pour prendre contact avec ses interlocuteurs, préparer un guide d’entretien, rencontrer, questionner, relancer, écouter, et mettre fin à l’entretien. Véritable manuel pratique, cet ouvrage est destiné à tous les étudiants en sciences sociales et à toutes personnes souhaitant s’initier à l’entretien comme méthode de recueil de données.
856 4 1 _uhttps://shs.cairn.info/initiation-a-l-entretien-en-sciences-sociales--9782200630836?lang=fr&redirect-ssocas=7080
999 _c1568773
_d1568773